<?xml version="1.0" encoding="UTF-8"?>
<record
    xmlns:xsi="http://www.w3.org/2001/XMLSchema-instance"
    xsi:schemaLocation="http://www.loc.gov/MARC21/slim http://www.loc.gov/standards/marcxml/schema/MARC21slim.xsd"
    xmlns="http://www.loc.gov/MARC21/slim">

  <leader>00487nam a22001697a 4500</leader>
  <datafield tag="999" ind1=" " ind2=" ">
    <subfield code="c">7376</subfield>
    <subfield code="d">7376</subfield>
  </datafield>
  <controlfield tag="005">20211007131413.0</controlfield>
  <controlfield tag="008">211007b           ||||| |||| 00| 0 eng d</controlfield>
  <datafield tag="020" ind1=" " ind2=" ">
    <subfield code="a">9788409251513</subfield>
  </datafield>
  <datafield tag="040" ind1=" " ind2=" ">
    <subfield code="a">CDMR</subfield>
  </datafield>
  <datafield tag="100" ind1=" " ind2=" ">
    <subfield code="9">4674</subfield>
    <subfield code="a">Tom&#xE0;s, Vicens</subfield>
  </datafield>
  <datafield tag="245" ind1=" " ind2=" ">
    <subfield code="a">Darrere la c&#xE0;mera</subfield>
    <subfield code="c"> / Vicens Tom&#xE0;s</subfield>
  </datafield>
  <datafield tag="260" ind1=" " ind2=" ">
    <subfield code="a">Barcelona</subfield>
    <subfield code="b">: Enderrock</subfield>
    <subfield code="c">, 2020</subfield>
  </datafield>
  <datafield tag="300" ind1=" " ind2=" ">
    <subfield code="a">500 p&#xE0;gines</subfield>
    <subfield code="b"> : fotografies</subfield>
    <subfield code="c">; 32 cm</subfield>
  </datafield>
  <datafield tag="600" ind1=" " ind2="0">
    <subfield code="9">4674</subfield>
    <subfield code="a">Tom&#xE0;s, Vicens</subfield>
  </datafield>
  <datafield tag="650" ind1=" " ind2="0">
    <subfield code="9">1270</subfield>
    <subfield code="a">Fotoperiodisme</subfield>
    <subfield code="z">Catalunya</subfield>
  </datafield>
  <datafield tag="942" ind1=" " ind2=" ">
    <subfield code="2">udc</subfield>
    <subfield code="c">MON</subfield>
  </datafield>
  <datafield tag="952" ind1=" " ind2=" ">
    <subfield code="0">0</subfield>
    <subfield code="1">0</subfield>
    <subfield code="2">udc</subfield>
    <subfield code="4">0</subfield>
    <subfield code="7">0</subfield>
    <subfield code="a">CDMR</subfield>
    <subfield code="b">CDMR</subfield>
    <subfield code="d">2021-10-07</subfield>
    <subfield code="e">Donaci&#xF3;</subfield>
    <subfield code="g">35.00</subfield>
    <subfield code="l">0</subfield>
    <subfield code="o">Fa 6/16</subfield>
    <subfield code="p">CDMR21100002</subfield>
    <subfield code="r">2021-10-07</subfield>
    <subfield code="w">2021-10-07</subfield>
    <subfield code="y">MON</subfield>
  </datafield>
</record>
